| 000 | 00602nam a2200169 a 4500 | ||
|---|---|---|---|
| 005 | 20140121144107.0 | ||
| 008 | 140121b1999 ck ||||| |||| 00| 0 spa d | ||
| 041 | _aspa | ||
| 044 | _ack | ||
| 090 |
_aIAvH _b00213 |
||
| 110 |
_bCorporación Colombiana de Investigación Agropecuaria _93881 |
||
| 245 | _aSostenibilidad de los sistemas de producción en la región Andina resumen ejecutivo | ||
| 260 |
_aBogotá _bCORPOICA _bInstituto Alexander von Humboldt _c1999 |
||
| 300 | _a4 vol. | ||
| 710 |
_a^aInstituto de Investigación de Recursos Biológicos Alexander von Humboldt _93198 |
||
| 942 |
_cCD-ROM _2z |
||
| 999 |
_c2886 _d2886 |
||